Biggest cities in North Africa - Statistics

General Stats
  • This quiz has been taken 100 times
  • The average score is 11 of 16
Answer Stats
Population City % Correct
11,001,000 Cairo
99%
1,108,000 Tunis
97%
2,800,000 Algiers
94%
3,284,000 Casablanca
94%
4,387,000 Alexandria
93%
1,802,000 Rabat
93%
2,267,000 Tripoli
93%
5,172,000 Khartoum
70%
770,000 Oran
61%
4,028,062 Giza
55%
1,001,000 Benghazi
53%
687,896 Luxor
52%
1,065,000 Fes
49%
928,850 Marrakech
44%
1,607,353 Port Said
32%
1,347,352 Suez
26%
No matching quizzes found
Score Distribution
Percent of People with Each Score
Percentile by Number Answered
Your Score History
You have not taken this quiz